000 00575nam a2200229Ia 4500
003 OSt
005 20220924135311.0
006 a|||||r|||| 00| 0
007 ta
008 220923b |||||||| |||| 00| 0 ben d
024 _a290446
037 _cTextual
040 _aARTS
_cARTS
_bben
041 _2ben
_aben
082 _aO111,3N051,1, 157J4
100 _aKravchenko
_9210030
245 0 _aMuktir aobhan
260 _c1954
650 _aENGLISH LITERATURE
942 _hO111,3N051,1, 157J4
_cTEXL
_2CC
999 _c440222
_d440222